Central Library OPAC University of Rajshahi

Introduction to economic history : (Record no. 43009)

MARC details
000 -LEADER
fixed length control field 00718nam a2200229 a 4500
001 - CONTROL NUMBER
control field 43009
003 - CONTROL NUMBER IDENTIFIER
rucl marc code BD-RjUL
005 - DATE AND TIME OF LATEST TRANSACTION
control field 20211209053629.0
008 - FIXED-LENGTH DATA ELEMENTS--GENERAL INFORMATION
fixed length control field 160616r1952 enka 001 0 eng
020 ## - INTERNATIONAL STANDARD BOOK NUMBER
International Standard Book Number 333013735
035 ## - SYSTEM CONTROL NUMBER
System control number (BD-RjUL)43127
040 ## - CATALOGING SOURCE
Original cataloging agency DLC
Transcribing agency WSU
Modifying agency SER
-- m.c
-- OCL
-- BD-RjUL
Language of cataloging eng
041 ## - LANGUAGE CODE
Language code of text/sound track or separate title eng
082 ## - DEWEY DECIMAL CLASSIFICATION NUMBER
Edition number 23
Classification number 330.9
Author mark and year COI 1965
100 1# - MAIN ENTRY--PERSONAL NAME
Personal name Cole, G. D. H.
Dates associated with a name 1889-1959.
9 (RLIN) 132075
245 10 - TITLE STATEMENT
Title Introduction to economic history :
Remainder of title 1750-1950 /
Statement of responsibility, etc. by G.D.H. Cole
260 ## - PUBLICATION, DISTRIBUTION, ETC. (IMPRINT)
Place of publication, distribution, etc. London :
Name of publisher, distributor, etc. Macmillan,
Date of publication, distribution, etc. 1952 [Reprinted 1965, 1972]
300 ## - PHYSICAL DESCRIPTION
Pagination x, 232 p. :
Illustrations ill. ;
Size 20 cm.
650 #0 - SUBJECT ADDED ENTRY--TOPICAL TERM
Topical term or geographic name as entry element Economic history
Chronological subdivision 1750-1918
9 (RLIN) 132076
Topical term or geographic name as entry element Economic history
Chronological subdivision 20th century
9 (RLIN) 130652
942 ## - ADDED ENTRY ELEMENTS (KOHA)
Source of classification or shelving scheme Dewey Decimal Classification
Koha item type Books
Holdings
Lost status Source of classification or shelving scheme Damaged status Not for loan Collection code Permanent Location Current Location Shelving location Date acquired Source of acquisition Cost, normal purchase price Total Checkouts Full call number Date last seen Copy number Koha item type
  Dewey Decimal Classification     Non-fiction Central Library, University of Rajshahi Central Library, University of Rajshahi   06/11/1965 Zethinger 13.60   330.9 COI 1965 18/06/2016 C-2 Books
  Dewey Decimal Classification     Non-fiction Central Library, University of Rajshahi Central Library, University of Rajshahi   11/01/1975 Jonelh Wreu & Co London 195.00   330.9 COI 1972 18/06/2016 C-3 Books
  Dewey Decimal Classification     Non-fiction Central Library, University of Rajshahi Central Library, University of Rajshahi   06/11/1965 Zethinger 13.60   330.9 COI 1965 18/06/2016 C-4 Books
  Dewey Decimal Classification     Non-fiction Central Library, University of Rajshahi Central Library, University of Rajshahi   06/11/1965 Zethinger 13.60   330.9 COI 1965 18/06/2016 C-5 Books
  Dewey Decimal Classification     Non-fiction Central Library, University of Rajshahi Central Library, University of Rajshahi   11/01/1975 Jonelh Wreu & Co London 195.00   330.9 COI 1972 18/06/2016 C-6 Books
  Dewey Decimal Classification     Non-fiction Central Library, University of Rajshahi Central Library, University of Rajshahi   12/05/1967 Jonelh Wreu & Co London 9.75   330.9 COI 1960 26/12/2016 C-7 Books